Assassination classroom surnoms de la classe E - Statistiques

Statistiques générales
  • Ce quiz a été pris 120 fois
  • Le résultat moyen est 7 sur 28
Statistiques - réponses
Hint Réponse % Correct
E-9 Masayoshi/Justice Kimura Justice
72%
E-11 Nagisa Shiota Troisième sexe
68%
E-7 Kaede Kayano Eternelle planche à pain
58%
E-17 Rio Nakamura Bilingue
44%
E-2 Yuma Isogai Délégué fauché
43%
E-1 Karma Akabane Gros fumiste
40%
E-13 Tomohito Sugino Dingue de baseball
36%
E-28 Itona Horibe Fan de modélisme
31%
E-6 Meg Kataoka Noble sermon
29%
E-22 Hiroto Maehara Don Juan de mes deux
24%
E-27 Batterie d'artillerie autonome Ritsu Boite charmante
22%
E-25 toka yada Queue de cheval et nibards
19%
E-4 Hinata Okano Super macaque
19%
E-21 Yuzuki Fuwa Mangavorace
18%
E-5 Manami Okuda Empoisonneuse à lunettes
17%
E-16 Ryoma Terasaka Pseudo-Takaoka
17%
E-15 Ryunosuke Chiba Héros de jeux de charme
15%
E-20 Sumire Hara La mère de Kunugigaoka
15%
E-8 Yukiko Kanzaki Experte Kanzaki
14%
E-18 Kirara Hazama Les ténèbres de la classe E
14%
E-19 Rinka Hayami Sniper lunatique
13%
E-12 Sosuke Sugaya Perche artiste
11%
E-3 Taiga Okajima Phase terminale de la perversion
11%
E-24 Takuya Muramatsu Loofah
10%
E-23 Koki Mimura Vidéaste à tête de champi
10%
E-14 Kotaro Takebayashi Binoclard
8%
E-26 Taisei Yoshida Marbre de baseball
7%
E-10 Hinano Kurahashi Lucane permanentée
1%
Aucun quiz correspondant
Distribution des résultats
% des personnes avec chaque résultat
Percentile par nombre de réponses
Votre historique - résultats
Vous n’avez pas pris ce quiz